Your body's red light warning signals : (Record no. 2044)

000 -LEADER
fixed length control field 01368nam a22003977a 4500
001 - CONTROL NUMBER
control field 15486558
003 - CONTROL NUMBER IDENTIFIER
control field OSt
005 - DATE AND TIME OF LATEST TRANSACTION
control field 20210414105603.0
008 - FIXED-LENGTH DATA ELEMENTS--GENERAL INFORMATION
fixed length control field 081016s2009 nyua 001 0 eng
010 ## - LIBRARY OF CONGRESS CONTROL NUMBER
LC control number 2008044548
020 ## - INTERNATIONAL STANDARD BOOK NUMBER
International Standard Book Number 9780385341615 (trade pbk.)
020 ## - INTERNATIONAL STANDARD BOOK NUMBER
International Standard Book Number 038534161X (trade pbk.)
020 ## - INTERNATIONAL STANDARD BOOK NUMBER
International Standard Book Number 9780440245131 (mass market pbk.)
020 ## - INTERNATIONAL STANDARD BOOK NUMBER
International Standard Book Number 0440245133 (mass market pbk.)
035 ## - SYSTEM CONTROL NUMBER
System control number (OCoLC)ocn232129531
040 ## - CATALOGING SOURCE
Original cataloging agency DLC
Transcribing agency DLC
Modifying agency YDX
-- BTCTA
-- BAKER
-- YDXCP
-- OCO
-- VP@
-- DLC
Language of cataloging eng
041 ## - LANGUAGE CODE
Language code of text/sound track or separate title eng
050 00 - LIBRARY OF CONGRESS CALL NUMBER
Classification number RC69
Item number .S36 2009
080 ## - UNIVERSAL DECIMAL CLASSIFICATION NUMBER
Universal Decimal Classification number 61
Item number S-56
082 00 - DEWEY DECIMAL CLASSIFICATION NUMBER
Classification number 616/.047
Edition number 22
100 1# - MAIN ENTRY--PERSONAL NAME
Personal name Shulman, Neil.
245 10 - TITLE STATEMENT
Title Your body's red light warning signals :
Remainder of title medical tips that may save your life /
Statement of responsibility, etc. / by: A Dell Book
250 ## - EDITION STATEMENT
Edition statement Delta Trade Paperback revised edition
260 ## - PUBLICATION, DISTRIBUTION, ETC.
Place of publication, distribution, etc. New York, N.Y.
Name of publisher, distributor, etc. A Dell Book
Date of publication, distribution, etc. 2009.
300 ## - PHYSICAL DESCRIPTION
Extent lxix, 426 p.
Other physical details ill.
Dimensions 21 cm.
365 ## - TRADE PRICE
Price amount 7.99 usd
500 ## - GENERAL NOTE
General note Includes index.
650 #0 - SUBJECT ADDED ENTRY--TOPICAL TERM
Topical term or geographic name entry element Symptoms
Form subdivision Popular works.
650 #0 - SUBJECT ADDED ENTRY--TOPICAL TERM
Topical term or geographic name entry element Medicine
9 (RLIN) 69
653 ## - INDEX TERM--UNCONTROLLED
Uncontrolled term მედიცინა
700 1# - ADDED ENTRY--PERSONAL NAME
Personal name Birge, Jack E.,
Dates associated with a name 1929-
700 1# - ADDED ENTRY--PERSONAL NAME
Personal name Ahn, Joon.
906 ## - LOCAL DATA ELEMENT F, LDF (RLIN)
a 7
b cbc
c orignew
d 1
e ecip
f 20
g y-gencatlg
942 ## - ADDED ENTRY ELEMENTS (KOHA)
Source of classification or shelving scheme
Koha item type Books
Holdings
Withdrawn status Lost status Source of classification or shelving scheme Damaged status Not for loan Permanent location Current location Date acquired Inventory number Total Checkouts Full call number Barcode Date last seen Price effective from Koha item type
          Ken Walker International University Ken Walker International University 03/09/2021 642   61 S-56 642 03/09/2021 03/09/2021 Books

Powered by Koha